Normal view
MARC view
- تأليف Radford,Andrew
Entry Personal Name
001 - CONTROL NUMBER
- control field: 3500
003 - CONTROL NUMBER IDENTIFIER
- control field: JO-AjAnu
005 - DATE AND TIME OF LATEST TRANSACTION
- control field: 20230606070857.0
008 - FIXED-LENGTH DATA ELEMENTS
- fixed length control field: 230606|| aca||aabn | a|a d
040 ## - CATALOGING SOURCE
- Original cataloging agency: JO-AjAnu
- Transcribing agency: JO-AjAnu
100 ## - HEADING--PERSONAL NAME
- Personal name: تأليف Radford,Andrew
670 ## - SOURCE DATA FOUND
- Source citation: Work cat.: (JO-AjAnu)1826: تأليف Radford,Andrew, author, English Syntax :An Introduction